Statistics for Five Longest World Capital Names by Continent

Click here to take the quiz!

General Stats

  • This quiz has been taken 180 times
    (173 since last reset)
  • The average score is 16 of 29

Answer Stats

Continent Capital % Correct
South AmericaBrasília / Santiago / Asuncion
86%
North AmericaWashington D.C.
84%
South AmericaBuenos Aires
82%
South AmericaMontevideo
79%
OceaniaWellington
78%
EuropeAndorra la Vella
70%
North AmericaGuatemala City
68%
South AmericaParamaribo
67%
South AmericaGeorgetown
64%
AfricaAntananarivo
64%
North AmericaPort-au-Prince
63%
EuropeLuxembourg
63%
OceaniaPort Moresby
62%
AsiaBandar Seri Begawan
60%
North AmericaSanto Domingo
57%
AsiaUlaanbaatar
55%
EuropeVatican City
54%
EuropeCopenhagen
54%
AsiaSri Jayawardenapura Kotte
54%
AsiaKuala Lumpur
49%
EuropeBratislava
46%
AfricaOuagadougou
44%
OceaniaNuku'alofa
42%
AfricaBloemfontein
39%
OceaniaNgerulmud
39%
AfricaYamoussoukro
35%
North AmericaSaint George's
34%
AfricaBrazzaville
33%
AsiaKuwait City
23%

Score Distribution

Percentile by Number Answered

Percent of People with Each Score

Your Score History

You have not taken this quiz since the last reset